00858nam a2200265Ia 450000500170000000800410001702000180005808200180007610000290009424500570012325000330018030000250021349000320023850000410027065000350031165000330034665000370037994200130041626400250042933600270045433700330048133800280051404000350054299900150057720220317001543.0161108s2010 ck g 000 0 s  a978958648650704aR 150.3bC65d1 aConsuegra Anaya, Natalia10aDiccionario de psicologíacNatalia Consuegra Anaya a2a. edición, reimpresión a364 páginasc24 cm aDiccionarios : Psicología aIncluye apéndices y bibliografía142LEMBaPsicologiavDiccionarios142LEMBaPsicosisvDiccionarios142LEMBaPersonalidadvDiccionarios 2ddccREF aBogotábEcoec2010 atextobtxt2rdacontent asin mediaciónbn2rdamedia avolumenbnc2rdacarrier aCO-BoRNBPbspaerdacCO-BoRNBP c7344d7344